00322 2200133 4500001002100000005001500021035002000036245003600056100001600092260003600108082000800144084001400152990002200166INLIS00000000000241920250604084629 a0010-06250000051 aGema Air Tanah 2 /cH.B. Jassin0 aH.B. Jassin aJakarta :bBalai Pustaka,c1998 a800 a800 H.B g a995244 s/d 995248